[Event "CZE-ch 2020"]
[Site "Pilsen"]
[Date "2020.08.26"]
[Round "4.6"]
[White "Stalmach, Richard"]
[Black "Michalik, Peter"]
[Result "0-1"]
[WhiteElo "2273"]
[BlackElo "2593"]
[Annotator "TA"]
[PlyCount "48"]
[EventDate "2020.08.23"]
[EventType "swiss"]
[EventCountry "CZE"]
[SourceTitle "playchess.com"]
[Source "ChessBase"]
[SourceQuality "1"]

{[%evp 12,48,15,6,14,0,0,0,17,0,0,0,22,27,6,0,0,0,0,-37,-29,-72,-76,-222,-245,-237,-229,-254,-246,-223,-160,-171,-226,-425,-397,-782,-775,-1411,-1357]} 1. d4 Nf6 2. c4 e6 3. Nc3 Bb4 4. e3 O-O 5. Bd3 d5 6. Nf3 b6 {6...dxc4 is setting a new trend.} 7. O-O Ba6 {E52: Nimzo-Indian: Rubinstein: 4...0-0 5 Nf3 d5 6 Bd3 b6.} 8. Ne5 c5 9. cxd5 {[#]} Bxd3 $146 {The position is equal.} ({Predecessor:} 9... exd5 10. a3 Bxc3 11. bxc3 Qc8 12. a4 Ne4 13. c4 cxd4 14. cxd5 Bxd3 15. Qxd3 Qc3 16. Qxc3 Nxc3 17. Ba3 Re8 18. exd4 Nxd5 19. Rac1 {0-1 (67) Turgut,A (2269)-Steindl,J (2315) chess.com INT 2020}) 10. Nxd3 Bxc3 $1 11. bxc3 {With the idea dxe6.} c4 12. Nf4 exd5 13. Qc2 Nc6 14. f3 b5 15. e4 (15. Rb1 {looks sharper.} Rb8 16. e4 dxe4 17. fxe4 Nxd4 18. cxd4 Qxd4+ 19. Kh1) 15... dxe4 16. fxe4 {[#]} Nxd4 $1 {[%mdl 512]} 17. cxd4 {White does not recover from this.} (17. Qb2 $17 {was necessary.} Ne6 18. Nxe6 fxe6 19. Qxb5) 17... Qxd4+ $19 {[%mdl 64] Double Attack} 18. Qf2 Qxa1 19. Bb2 Qxa2 20. Ra1 Qb3 ({Don't go for} 20... Nxe4 $2 {[#]} 21. Qd4 $1 $18 {[%mdl 512]}) 21. Bxf6 gxf6 22. Rf1 $2 (22. Nd5 {was forced.} Rfd8 23. Qxf6 Rxd5 24. exd5) 22... Rad8 {And now ...Rd1 would win.} 23. Nh5 $2 (23. Nd5 Rxd5 24. exd5) 23... Rd1 24. Qf4 Rxf1+ {Accuracy: White = 65%, Black = 100%.} 0-1

[Event "CZE-ch 2020"]
[Site "Pilsen"]
[Date "2020.08.26"]
[Round "4.7"]
[White "Zeman, Matyas"]
[Black "Simacek, Pavel"]
[Result "1-0"]
[WhiteElo "2250"]
[BlackElo "2474"]
[Annotator "TA"]
[PlyCount "161"]
[EventDate "2020.08.23"]
[EventType "swiss"]
[EventCountry "CZE"]
[SourceTitle "playchess.com"]
[Source "ChessBase"]
[SourceQuality "1"]

{[%evp 14,161,17,17,20,25,29,22,37,16,33,27,33,31,52,29,39,39,46,29,39,35,37,24,60,56,52,60,68,48,93,100,117,109,133,87,128,138,171,164,166,88,115,70,66,70,71,71,62,69,84,70,72,67,102,97,93,80,80,80,80,68,80,79,123,122,158,158,158,158,158,158,484,484,484,475,484,484,484,484,475,468,458,445,418,414,409,400,500,497,454,388,884,845,1084,706,1522,1489,1412,1202,29959,29958,29954,29942,29940,12849,29961,29962,29959,29963,29961,29962,29969,29970,29969,29971,29973,29974,29974,29974,29975,29976,29976,29977,29976,29977,29977,29978,29978,29979,29982,29983,29984,29985,29985,0,29981,29982,29984,29984,29984,29985,29986,29987,29987,29980,29980,29981,29981,29982]} 1. e4 c5 2. Nf3 g6 3. d4 cxd4 4. Qxd4 Nf6 5. Nc3 Nc6 6. Qa4 d6 7. e5 dxe5 8. Nxe5 Qd4 {White must now prevent ...Qxa4. B27: Sicilian: 2 Nf3, unusual Black 2nd moves.} 9. Nxc6 Qxa4 10. Nxa4 {Strongly threatening Ne5.} bxc6 {The position is equal.} 11. b3 e5 12. Bb2 Bb4+ 13. c3 Bd6 {[#]} 14. Rd1 $146 ({Predecessor:} 14. O-O-O Ke7 15. Bd3 Be6 16. Rhe1 Ng8 17. Re2 f6 18. Bc2 {½-½ (18) Fercec,N (2501)-Krumpacnik,D (2406) Pula 2007}) 14... Ke7 15. Be2 Be6 16. O-O Rhd8 17. c4 Rac8 18. Bc1 Nh5 19. Bxh5 gxh5 20. Be3 Rg8 {Threatening ...Bh3.} 21. Kh1 h4 22. h3 Bb8 23. f3 Rg6 24. Bf2 Rh6 25. Nc5 Bf5 26. Rfe1 f6 27. Rd4 (27. Na6 $18) 27... Bd6 28. Rxh4 (28. Rd2 {is interesting.} Bc7 29. Red1 Bb6 30. Nb7 Rc7 31. Nd6) 28... Rxh4 29. Bxh4 Kf7 30. Ne4 Be7 31. Rd1 Ke6 32. Bf2 (32. g4 {seems wilder.} Bg6 33. Bf2 Rc7 34. Kg2 h5 35. Ng3) 32... Bxe4 33. fxe4 $14 {[%mdl 4096] Endgame KRB-KRB} a6 {Black is on the road to losing.} 34. g4 h5 35. Kg2 Rg8 36. Kf3 hxg4+ 37. hxg4 Rh8 38. Kg3 Rh7 39. Bb6 Bd6 40. c5 Be7 41. b4 Rh8 42. a3 Rh7 $2 (42... Rb8 $16 43. Rh1 Rf8) 43. Bd8 $1 $18 Bf8 44. Rf1 Bg7 45. g5 $1 fxg5 46. Bxg5 Rh5 47. Kg4 Rh2 {[#]} 48. Rd1 $1 Rg2+ 49. Kh4 Bf8 {[#]} 50. Rd8 $1 {[%cal Rd8f8]} Rxg5 51. Rxf8 {KR-KR} Rg1 52. Rd8 Ke7 $2 (52... Rh1+ 53. Kg5 Rg1+ 54. Kh6 Rh1+ 55. Kg7 Ra1 56. Rd6+ Ke7 57. Rxc6 Rxa3) 53. Rd6 Ra1 54. Rxc6 Rxa3 55. Kg4 Ra4 56. Kf5 Rxb4 57. Rxa6 Rb5 58. Rc6 Kd7 59. Rd6+ Kc7 60. Rd5 Kc6 61. Kxe5 Rb8 62. Kf6 Re8 63. Rd6+ Kxc5 64. e5 Rh8 65. Rd1 Rh6+ 66. Kg5 Rh2 67. e6 Rg2+ 68. Kf6 Rf2+ 69. Ke7 Kc6 70. Ke8 Kc7 71. e7 Rf4 72. Rc1+ Kb7 73. Kd7 Rd4+ 74. Ke8 Rf4 $1 75. Rc3 {White mates.} Kb6 76. Kd7 Rd4+ 77. Ke6 Re4+ 78. Kd6 Re1 79. Rc8 Rd1+ 80. Ke6 Re1+ 81. Kf6 {Accuracy: White = 91%, Black = 65%.} 1-0

[Event "CZE-ch 2020"]
[Site "Pilsen"]
[Date "2020.08.26"]
[Round "4.8"]
[White "Malinovsky, Karel"]
[Black "Freisler, Pavel"]
[Result "1/2-1/2"]
[WhiteElo "2474"]
[BlackElo "2249"]
[Annotator "TA"]
[PlyCount "120"]
[EventDate "2020.08.23"]
[EventType "swiss"]
[EventCountry "CZE"]
[SourceTitle "playchess.com"]
[Source "ChessBase"]
[SourceQuality "1"]

{[%evp 10,120,38,47,35,37,48,20,45,37,51,37,38,43,49,39,52,29,47,20,37,27,97,94,118,79,75,25,29,29,38,37,46,35,56,25,27,32,66,58,59,62,60,28,28,28,31,28,35,21,44,18,25,0,0,0,61,61,57,61,61,64,70,59,100,20,83,0,84,53,53,53,53,53,53,53,53,53,53,53,53,53,60,60,169,171,179,148,151,91,91,56,56,56,154,56,56,53,53,53,53,53,53,53,53,3,3,0,0,0,0,0,0]} 1. e4 Nf6 2. e5 Nd5 3. d4 d6 4. Nf3 dxe5 5. Nxe5 c6 6. Be2 Bf5 {B04: Alekhine's Defence: 4 Nf3.} 7. O-O Nd7 8. Nf3 e6 9. c4 N5f6 10. Nc3 Bd6 11. Nh4 $36 {[%mdl 2048] White is pushing.} Bg6 12. g3 O-O 13. Be3 Re8 14. Bf3 e5 {[#]} 15. d5 $146 ({Predecessor:} 15. Nxg6 hxg6 16. d5 cxd5 17. Bxd5 Bc5 18. Bxb7 Rb8 19. Bxc5 Nxc5 20. Bc6 Qxd1 21. Nxd1 {½-½ (43) Shields,G (2374)-Koch,H (2295) ICCF email 2014}) 15... c5 (15... cxd5 $11 16. Bxd5 (16. Nxd5 e4 $14) (16. Nxg6 hxg6 17. Bxd5 Bc5 $14) 16... Nxd5 17. Qxd5 Nb6 18. Bxb6 Qxb6) 16. Nxg6 hxg6 17. Nb5 Bb8 18. Bg4 (18. Bg2 {feels hotter.} e4 19. b3 Qc8 20. Bh3 Qd8 21. Bg5) 18... Nxg4 19. Qxg4 a6 {[#] aiming for ...Nf6.} 20. Nc3 Bd6 21. Rae1 Nf6 22. Qh4 Qd7 23. Kg2 Qf5 24. Bg5 Nh7 25. Bc1 Nf6 26. Ne4 Nxe4 27. Qxe4 b5 28. b3 Rab8 29. Ba3 b4 30. Bb2 a5 31. Re2 (31. f3 {looks sharper.} Qh5 32. h4 a4 33. Re2 Re7 34. Qc2) 31... Qxe4+ 32. Rxe4 f5 (32... f6 $11) 33. Re2 $14 Rb7 34. Rfe1 {[%cal Rb2e5]} Rbe7 $1 35. f3 Kf7 36. h4 Bc7 37. Ba1 (37. Kh3 $16) 37... Bd6 (37... a4 $1 $11) 38. Bb2 Bc7 39. a3 bxa3 $1 40. Bxa3 Bd6 41. Bb2 Rb8 42. Bxe5 Bxe5 43. Rxe5 Rxe5 44. Rxe5 Rxb3 {[%mdl 4096] Endgame KR-KR} 45. d6 Rb2+ 46. Kh3 Rd2 (46... a4 $14) 47. Rxc5 $18 Rxd6 {Strongly threatening ...Ra6.} 48. Rxa5 Rd3 49. f4 (49. Ra7+ $142 Kf6 50. Kg2) 49... Rc3 $16 50. c5 Rc2 51. Ra7+ Kf6 {[#]} (51... Kf8 $14) 52. Ra6+ ({Better is} 52. Rc7 $1 $16) 52... Kf7 $14 53. c6 Kf6 54. c7+ Kf7 55. Ra7 Kf6 56. Rb7 Ke6 57. h5 gxh5 {The position is equal.} 58. Kh4 Kf6 {[%cal Rc2h2]} 59. Rb6+ Kf7 60. Kxh5 Rxc7 {Accuracy: White = 65%, Black = 78%.} 1/2-1/2

[Event "CZE-ch 2020"]
[Site "Pilsen"]
[Date "2020.08.26"]
[Round "4.9"]
[White "Hollan, Martin"]
[Black "Gloser, David"]
[Result "1-0"]
[WhiteElo "2346"]
[BlackElo "2248"]
[Annotator "ChessBase"]
[PlyCount "63"]
[EventDate "2020.08.23"]
[EventType "swiss"]
[EventCountry "CZE"]
[SourceTitle "playchess.com"]
[Source "ChessBase"]
[SourceQuality "1"]
[TimeControl "40/5400+30:1800+30"]

1. d4 {[%emt 0:00:00]} Nf6 {[%emt 0:00:00]} 2. Nf3 {[%emt 0:00:00]} g6 {[%emt 0:00:11]} 3. c4 {[%emt 0:00:00]} c5 {[%emt 0:00:22]} 4. g3 {[%emt 0:00:00]} b6 {[%emt 0:07:33]} 5. Bg2 {[%emt 0:01:11]} Bb7 {[%emt 0:01:02]} 6. d5 {[%emt 0:00:08]} Bg7 {[%emt 0:01:48]} 7. O-O {[%emt 0:00:35]} O-O {[%emt 0:01:19]} 8. Nc3 {[%emt 0:00:56]} d6 {[%emt 0:01:15]} 9. h3 {[%emt 0:01:33]} Nbd7 {[%emt 0:02:53]} 10. Be3 {[%emt 0:06:41]} Ne8 {[%emt 0:06:36]} 11. Qd2 {[%emt 0:01:48]} Nc7 {[%emt 0:01:51]} 12. Bh6 {[%emt 0:01:23]} b5 {[%emt 0:04:31]} 13. Bxg7 {[%emt 0:01:32]} Kxg7 {[%emt 0:00:07]} 14. cxb5 {[%emt 0:02:52]} a6 {[%emt 0:04:06]} 15. bxa6 {[%emt 0:00:55]} Rxa6 {[%emt 0:00:44]} 16. e4 {[%emt 0:01:27]} Qa8 {[%emt 0:04:38]} 17. Nh4 {[%emt 0:01:22]} f6 {[%emt 0:08:29]} 18. f4 {[%emt 0:00:53]} Rb6 {[%emt 0:05:35]} 19. Nf3 {[%emt 0:11:45]} Qa5 {[%emt 0:13:21]} 20. e5 {[%emt 0:10:11]} dxe5 {[%emt 0:03:54]} 21. fxe5 {[%emt 0:00:05]} Qb4 {[%emt 0:01:10]} 22. exf6+ {[%emt 0:02:19]} Nxf6 {[%emt 0:03:12]} 23. a3 {[%emt 0:21:33]} Qxb2 {[%emt 0:04:18]} 24. Qe1 {[%emt 0:01:01]} Ncxd5 {[%emt 0:12:25]} 25. Na4 {[%emt 0:01:52]} Qb5 {[%emt 0:00:48]} 26. Nxb6 {[%emt 0:00:13]} Qxb6 {[%emt 0:00:01]} 27. Rb1 {[%emt 0:01:45]} Qc6 {[%emt 0:01:38]} 28. Ng5 {[%emt 0:02:15]} Bc8 {[%emt 0:02:19]} 29. Rd1 {[%emt 0:08:03]} e6 {[%emt 0:01:57]} 30. Bxd5 {[%emt 0:01:32]} exd5 {[%emt 0:00:19]} 31. Qe7+ {[%emt 0:00:36]} Kg8 {[%emt 0:00:09]} 32. Rxf6 {[%emt 0:02:51]} 1-0

[Event "CZE-ch 2020"]
[Site "Pilsen"]
[Date "2020.08.26"]
[Round "4.10"]
[White "Sorm, Daniel"]
[Black "Novotny, Michal"]
[Result "1-0"]
[WhiteElo "2343"]
[BlackElo "2246"]
[Annotator "TA"]
[PlyCount "117"]
[EventDate "2020.08.23"]
[EventType "swiss"]
[EventCountry "CZE"]
[SourceTitle "playchess.com"]
[Source "ChessBase"]
[SourceQuality "1"]

{[%evp 12,117,15,11,24,27,41,22,48,1,20,-22,-17,-33,35,43,56,-20,-10,-45,0,0,58,41,35,33,131,114,125,115,96,99,111,36,64,42,68,49,83,98,92,100,94,0,56,56,56,64,60,62,108,96,89,27,120,116,117,113,137,129,130,114,133,98,95,87,92,100,114,112,108,127,83,66,166,181,269,163,529,341,331,297,245,278,288,259,227,224,335,339,332,326,537,531,1097,832,1080,1053,1368,1349,1666,1606,2274,1401,2775,2278,29982,29983]} 1. d4 d5 2. c4 e6 3. Nc3 Nf6 4. cxd5 exd5 5. Bg5 c6 6. e3 h6 7. Bh4 Be6 {D35: Queen's Gambit Declined: Exchange Variation.} 8. Bd3 Nbd7 9. f4 {9.f3 is becoming the main line.} g5 {The position is equal.} 10. Bg3 {[#]} gxf4 $146 ({Predecessor:} 10... Ne4 11. Nxe4 dxe4 12. Bxe4 Nf6 13. Bd3 Bb4+ 14. Kf1 Nd5 15. Qe2 Qf6 16. Qf2 gxf4 17. exf4 {½-½ (67) Mkrtchian,L (2378)-Moroni,L (2547) Caleta 2018}) 11. exf4 Bg4 12. Nf3 Qb6 (12... Nh5 $15) 13. Qe2+ $14 Kd8 14. f5 (14. O-O $14) 14... Bb4 15. O-O Re8 (15... Bxf3 $5 16. Rxf3 Qxd4+ {[%mdl 64] Double Attack} 17. Kh1 Re8 $17) 16. Na4 {[%cal Bc3a4,Ba4c5,Bc5d3,Bd3e5][%mdl 32]} Qa5 (16... Rxe2 $11 17. Nxb6 Re3 18. Nxd7 (18. Nxa8 Rxd3 19. a3 Be7 $11) 18... Nxd7) 17. Qc2 {aiming for a3.} Bxf3 $1 18. Rxf3 {And now a3 would win.} Ne4 ({Black should try} 18... Be1 $1 $14) 19. a3 {Bxe4 is the strong threat.} Bd6 20. Bxd6 Nxd6 21. Nc5 Nf6 22. Qf2 ({White should play} 22. Qc1 $16 Kc8 23. b4 (23. Qxh6 Qd8 $16)) 22... Kc8 23. Qh4 Qd8 24. Qxh6 b6 {[#]} 25. Ba6+ $1 Kc7 {[#]} 26. Nd3 $1 Re4 27. Rc1 (27. Qc1 $16 Rxd4 28. Qc3) 27... Rxd4 ({Better is} 27... Ng4 $11 28. Qg7 Qh4) 28. Ne5 c5 29. Qe3 {Threatens to win with Qxd4.} Nc4 $1 {[%cal Rc4e3]} 30. Nxc4 Re4 31. Qf2 dxc4 32. Bxc4 (32. h3 $16) 32... Qe7 (32... Ng4 $1 $11 33. Qg3+ Ne5) 33. h3 $16 Rd8 34. Qg3+ Kb7 35. Rd3 Rxd3 36. Qxd3 Re3 37. Ba6+ Kc7 38. Qd2 Re5 39. Qf4 Qd6 {White must now prevent ...Re1+!} 40. Rf1 Nd5 41. Qf3 Re3 42. Qf2 Re5 (42... Qe5 $14) 43. Rd1 $18 Qf6 (43... Re4 $142 44. Be2 Qe5) 44. g4 Qc6 $2 (44... Qe7 {is a better chance.} 45. Qd2 f6) 45. Qg3 f6 46. Re1 Qd6 47. Rxe5 fxe5 48. Bf1 Nf4 49. Qe3 Qf6 (49... Qd5 $142 50. Kf2 Kd6) 50. Qe4 Kd6 51. Bg2 Ke7 $2 (51... Nxg2 52. Kxg2 Qh6) 52. h4 Nxg2 53. Kxg2 {[%mdl 4096] Endgame KQ-KQ} Qd6 54. Kg3 Kf8 55. g5 Qd1 56. Qa8+ {[%mdl 64] Double Attack} Kf7 57. Qxa7+ Kf8 58. Qb8+ Kf7 59. g6+ {Accuracy: White = 64%, Black = 43%.} 1-0

[Event "CZE-ch 2020"]
[Site "Pilsen"]
[Date "2020.08.26"]
[Round "4.11"]
[White "Kusa, Jakub"]
[Black "Cerveny, Petr"]
[Result "1/2-1/2"]
[WhiteElo "2239"]
[BlackElo "2340"]
[Annotator "ChessBase"]
[PlyCount "82"]
[EventDate "2020.08.23"]
[EventType "swiss"]
[EventCountry "CZE"]
[SourceTitle "playchess.com"]
[Source "ChessBase"]
[SourceQuality "1"]
[TimeControl "40/5400+30:1800+30"]

1. e4 {[%emt 0:00:00]} c5 {[%emt 0:00:00]} 2. Nf3 {[%emt 0:00:00]} d6 {[%emt 0:00:00]} 3. Bb5+ {[%emt 0:00:00]} Bd7 {[%emt 0:00:00]} 4. Bxd7+ {[%emt 0:00:06]} Qxd7 {[%emt 0:00:00]} 5. c4 {[%emt 0:00:17]} Nf6 {[%emt 0:00:00]} 6. Nc3 {[%emt 0:00:16]} Nc6 {[%emt 0:00:00]} 7. d4 {[%emt 0:00:19]} cxd4 {[%emt 0:00:00]} 8. Nxd4 {[%emt 0:00:09]} g6 {[%emt 0:00:07]} 9. f3 {[%emt 0:00:26]} Bg7 {[%emt 0:00:06]} 10. Be3 {[%emt 0:00:27]} O-O {[%emt 0:00:08]} 11. O-O {[%emt 0:00:53]} Rfc8 {[%emt 0:01:50]} 12. b3 {[%emt 0:00:53]} Qd8 {[%emt 0:06:43]} 13. Qd2 {[%emt 0:01:29]} Qa5 {[%emt 0:01:01]} 14. Rac1 {[%emt 0:02:29]} a6 {[%emt 0:00:45]} 15. Rfd1 {[%emt 0:02:42]} Nxd4 {[%emt 0:18:11]} 16. Bxd4 {[%emt 0:01:37]} b5 {[%emt 0:01:33]} 17. Bxf6 {[%emt 0:04:41]} Bxf6 {[%emt 0:01:43]} 18. Nd5 {[%emt 0:01:04]} Qxd2 {[%emt 0:00:16]} 19. Nxf6+ {[%emt 0:05:38]} Kg7 {[%emt 0:03:41]} 20. Ne8+ {[%emt 0:09:23]} Kf8 {[%emt 0:04:02]} 21. Rxd2 {[%emt 0:00:37]} Kxe8 {[%emt 0:00:06]} 22. Rdc2 {[%emt 0:00:54]} Rc5 {[%emt 0:14:24]} 23. cxb5 {[%emt 0:00:47]} Rxc2 {[%emt 0:00:36]} 24. Rxc2 {[%emt 0:00:15]} axb5 {[%emt 0:00:04]} 25. Kf2 {[%emt 0:00:57]} Kd7 {[%emt 0:01:14]} 26. Ke3 {[%emt 0:00:26]} f5 {[%emt 0:10:26]} 27. exf5 {[%emt 0:04:07]} gxf5 {[%emt 0:00:07]} 28. f4 {[%emt 0:00:35]} e5 {[%emt 0:02:34]} 29. h3 {[%emt 0:02:36]} h5 {[%emt 0:06:16]} 30. fxe5 {[%emt 0:09:03]} dxe5 {[%emt 0:00:11]} 31. Rc5 {[%emt 0:02:42]} Kd6 {[%emt 0:02:01]} 32. Rxb5 {[%emt 0:01:23]} Rxa2 {[%emt 0:00:07]} 33. Rb6+ {[%emt 0:01:12]} Kd5 {[%emt 0:08:56]} 34. Rb5+ {[%emt 0:01:19]} Kd6 {[%emt 0:00:03]} 35. Rb6+ {[%emt 0:01:25]} Kc5 {[%emt 0:00:04]} 36. Rf6 {[%emt 0:00:59]} Rxg2 {[%emt 0:16:24]} 37. Rxf5 {[%emt 0:00:32]} Kd5 {[%emt 0:00:11]} 38. Rxh5 {[%emt 0:00:56]} Rg3+ {[%emt 0:00:03]} 39. Ke2 {[%emt 0:01:03]} Rxb3 {[%emt 0:00:04]} 40. Rh4 {[%emt 0:00:43]} e4 {[%emt 0:00:17]} 41. Rh8 {[%emt 0:30:20]} Ra3 {[%emt 0:30:16]} 1/2-1/2

[Event "CZE-ch 2020"]
[Site "Pilsen"]
[Date "2020.08.26"]
[Round "4.12"]
[White "Hurdzan, Tomas"]
[Black "Nemec, Pavel"]
[Result "1/2-1/2"]
[WhiteElo "2325"]
[BlackElo "2243"]
[Annotator "TA"]
[PlyCount "98"]
[EventDate "2020.08.23"]
[EventType "swiss"]
[EventCountry "CZE"]
[SourceTitle "playchess.com"]
[Source "ChessBase"]
[SourceQuality "1"]

{[%evp 12,98,47,43,48,41,39,39,38,41,62,29,56,41,37,45,27,41,44,42,26,23,53,52,55,31,36,35,56,49,58,50,73,46,43,41,83,58,52,21,35,34,57,52,59,62,60,56,46,58,87,83,80,25,267,262,245,227,1321,1312,1312,1312,1364,1100,610,8,8,8,560,0,0,0,281,0,0,0,0,0,0,-8,-8,-8,-8,-8,-8,-8,-8,-8,-8]} 1. e4 c5 2. Nf3 e6 3. d4 cxd4 4. Nxd4 Nf6 5. Nc3 Nc6 6. Ndb5 Bc5 7. Bf4 {aiming for Nc7+.} O-O {B45: Sicilian Four Knights.} 8. Bc7 Qe7 9. Bd6 $1 {[%cal Rd6e7]} Bxd6 {White is slightly better.} 10. Qxd6 Ne8 11. Qxe7 Nxe7 12. O-O-O f5 13. f3 fxe4 14. Nxe4 d5 15. Ned6 Nxd6 16. Nxd6 Nf5 17. Nxf5 Rxf5 18. Bd3 {[#]} Rf4 $146 ({Predecessor:} 18... Rf6 19. c4 Bd7 20. Rhe1 Bc6 21. cxd5 Bxd5 22. b3 Rf4 23. Kb2 a5 24. Be4 Bxe4 {½-½ (30) Tolnai,T (2500)-Doleschall,G (2270) Hungary 1991}) 19. Rdf1 Bd7 20. g3 Rf6 21. f4 Rc8 22. Kd2 Rc6 23. b3 Rc7 24. a4 Be8 25. g4 Rcf7 26. Ke3 d4+ 27. Kxd4 Rxf4+ 28. Rxf4 Rxf4+ $14 {[%mdl 4096] Endgame KRB-KRB} 29. Ke5 Rxg4 30. Kxe6 Bf7+ {[#]} 31. Ke7 $1 {Hoping for Rf1.} Rf4 32. Rf1 (32. Kd6 $16) 32... Rxf1 $2 (32... g5 $1 $11 {and Black has nothing to worry.}) 33. Bxf1 $11 {KB-KB} Bd5 34. b4 a6 $2 (34... g5 35. Kf6 g4) 35. c4 $18 Bf3 36. Bh3 g5 37. Be6+ Kg7 38. Bd5 $2 (38. b5 $18 h5 39. bxa6 bxa6 40. Bd7) 38... g4 $11 39. Bf7 Bg2 $2 {[%mdl 8192]} (39... Be2 $1 $11) 40. Bd5 $2 (40. c5 $18 {Threatens to win with Bh5.} Kh6 41. b5 axb5 42. axb5) 40... Bf3 41. Bf7 Bd1 $2 {[%mdl 8192] [#]} (41... Bg2 $11 {and Black stays safe.}) 42. Be8 $2 (42. b5 $1 $18) 42... h5 {The position is equal.} 43. Bxh5 {Strongly threatening Be8.} g3 $1 {[%cal Rg3h2]} 44. hxg3 Bxh5 45. b5 axb5 46. cxb5 {KB-K3P} Bd1 47. a5 Be2 {[#]} 48. a6 $1 {[%cal Ra6b7][%mdl 512]} bxa6 49. bxa6 Bxa6 {Accuracy: White = 77%, Black = 66%.} 1/2-1/2

[Event "CZE-ch 2020"]
[Site "Pilsen"]
[Date "2020.08.26"]
[Round "4.13"]
[White "Simet, Martin"]
[Black "Kozusek, Daniel"]
[Result "1/2-1/2"]
[WhiteElo "2194"]
[BlackElo "2307"]
[Annotator "ChessBase"]
[PlyCount "133"]
[EventDate "2020.08.23"]
[EventType "swiss"]
[EventCountry "CZE"]
[SourceTitle "playchess.com"]
[Source "ChessBase"]
[SourceQuality "1"]
[TimeControl "40/5400+30:1800+30"]

1. e4 {[%emt 0:00:00]} c5 {[%emt 0:00:00]} 2. Nf3 {[%emt 0:00:55]} e6 {[%emt 0:00:00]} 3. c3 {[%emt 0:03:27]} d5 {[%emt 0:00:03]} 4. e5 {[%emt 0:00:16]} Nc6 {[%emt 0:00:24]} 5. d4 {[%emt 0:00:39]} Bd7 {[%emt 0:00:50]} 6. Be2 {[%emt 0:05:27]} Nge7 {[%emt 0:00:20]} 7. a3 {[%emt 0:04:51]} Nf5 {[%emt 0:01:24]} 8. b4 {[%emt 0:01:45]} cxd4 {[%emt 0:01:07]} 9. cxd4 {[%emt 0:00:07]} Qb6 {[%emt 0:00:09]} 10. Bb2 {[%emt 0:00:20]} h5 {[%emt 0:00:13]} 11. h4 {[%emt 0:15:20]} Be7 {[%emt 0:01:47]} 12. Kf1 {[%emt 0:04:35]} Rc8 {[%emt 0:00:31]} 13. Nc3 {[%emt 0:01:36]} Na5 {[%emt 0:04:33]} 14. Na4 {[%emt 0:07:25]} Qc6 {[%emt 0:00:19]} 15. Nc5 {[%emt 0:13:31]} Nc4 {[%emt 0:00:21]} 16. Bxc4 {[%emt 0:01:05]} dxc4 {[%emt 0:00:06]} 17. Bc3 {[%emt 0:03:47]} Qd5 {[%emt 0:02:10]} 18. Nxd7 {[%emt 0:02:52]} Kxd7 {[%emt 0:00:45]} 19. Qd2 {[%emt 0:04:42]} Kc7 {[%emt 0:04:32]} 20. Rd1 {[%emt 0:00:57]} Kb8 {[%emt 0:00:26]} 21. Qf4 {[%emt 0:06:51]} Rcd8 {[%emt 0:02:03]} 22. Nd2 {[%emt 0:03:23]} Qb5 {[%emt 0:05:19]} 23. Rh3 {[%emt 0:05:42]} Rd5 {[%emt 0:02:19]} 24. Kg1 {[%emt 0:02:00]} Rhd8 {[%emt 0:01:13]} 25. Nf1 {[%emt 0:00:16]} Qa4 {[%emt 0:04:01]} 26. Qf3 {[%emt 0:01:43]} Qd7 {[%emt 0:29:18]} 27. Qxh5 {[%emt 0:01:32]} Nxd4 {[%emt 0:02:40]} 28. Re1 {[%emt 0:00:24]} g6 {[%emt 0:02:42]} 29. Qg4 {[%emt 0:00:04]} Nc2 {[%emt 0:01:12]} 30. Rc1 {[%emt 0:01:12]} Nxa3 {[%emt 0:00:29]} 31. Bb2 {[%emt 0:02:26]} Nb5 {[%emt 0:00:07]} 32. Qxc4 {[%emt 0:01:35]} Rc8 {[%emt 0:01:23]} 33. Qf4 {[%emt 0:03:58]} Rxc1 {[%emt 0:00:30]} 34. Bxc1 {[%emt 0:00:01]} Rd1 {[%emt 0:01:06]} 35. Bd2 {[%emt 0:00:45]} Rb1 {[%emt 0:04:53]} 36. h5 {[%emt 0:00:26]} gxh5 {[%emt 0:01:15]} 37. Rg3 {[%emt 0:00:06]} Bd8 {[%emt 0:04:22]} 38. Qc4 {[%emt 0:00:14]} Qxd2 {[%emt 0:03:17]} 39. Rd3 {[%emt 0:00:54]} Rxb4 {[%emt 0:01:11]} 40. Nxd2 {[%emt 0:00:05]} Rxc4 41. Nxc4 {[%emt 0:30:00]} Kc8 {[%emt 0:31:37]} 42. Rf3 {[%emt 0:00:36]} a5 {[%emt 0:00:52]} 43. Rb3 {[%emt 0:00:31]} Nd4 {[%emt 0:00:21]} 44. Nd6+ {[%emt 0:00:05]} Kc7 {[%emt 0:00:05]} 45. Rxb7+ {[%emt 0:00:07]} Kc6 {[%emt 0:00:04]} 46. Rxf7 {[%emt 0:01:01]} a4 {[%emt 0:00:21]} 47. Ra7 {[%emt 0:00:11]} Ne2+ {[%emt 0:01:03]} 48. Kf1 {[%emt 0:02:57]} Nc3 {[%emt 0:00:05]} 49. Ke1 {[%emt 0:00:28]} Kd5 {[%emt 0:00:06]} 50. Kd2 {[%emt 0:00:33]} Kd4 {[%emt 0:01:57]} 51. Rd7 {[%emt 0:00:00]} Bg5+ {[%emt 0:00:00]} 52. Kc2 {[%emt 0:00:00]} Nd5 {[%emt 0:00:00]} 53. Ra7 {[%emt 0:00:00]} Kxe5 {[%emt 0:00:00]} 54. Nf7+ {[%emt 0:00:00]} Kf6 {[%emt 0:00:00]} 55. Nxg5 {[%emt 0:00:00]} Kxg5 {[%emt 0:00:00]} 56. Rxa4 {[%emt 0:00:00]} h4 {[%emt 0:00:00]} 57. Kd2 {[%emt 0:00:00]} Nf4 {[%emt 0:00:00]} 58. Ra8 {[%emt 0:00:00]} h3 {[%emt 0:00:00]} 59. Rg8+ {[%emt 0:00:00]} Kf5 {[%emt 0:00:00]} 60. gxh3 {[%emt 0:01:50]} Nxh3 {[%emt 0:00:00]} 61. Ke3 {[%emt 0:00:09]} Ng5 {[%emt 0:00:00]} 62. Rf8+ {[%emt 0:00:32]} Kg6 {[%emt 0:00:00]} 63. f4 {[%emt 0:00:13]} Nf7 {[%emt 0:00:00]} 64. Kd4 {[%emt 0:02:11]} Kg7 {[%emt 0:00:00]} 65. Ra8 {[%emt 0:00:20]} Kf6 {[%emt 0:00:00]} 66. Ra6 {[%emt 0:01:24]} Kf5 {[%emt 0:00:00]} 67. Rxe6 {[%emt 0:00:05]} 1/2-1/2